00515pam a2200193 a 4500001000800000005001700008008004100025010001700066020001500083040002300098041000800121060001700129080001400146082001800160100000700178101000800185245007700193504005100270198325820180309090637.0891103s1990 mnua b 001 0 eng c a 89070429  a0314579362 aDNLM/DLCcDLCdDLC aeng aQU 145 H943a a612.3 HUN00a612.3 HUN2201 a10 aNUT10aAdvanced nutrition and human metabolism /cSara M. Hunt, James L. Groff. aIncludes bibliographical references and index.